HR a její klíčová role v praxi CSR
CSR ako celofiremná strategická záležitosť. Premietnutie do každodenných aktivít spoločnosti. Záujem zamestnancov o sociálny a enviromentálny dopad ich práce na spoločnosť.
Guardado en:
| Autor principal: | |
|---|---|
| Formato: | Capítulo de libro |
| Lenguaje: | checo |
| Materias: | |
| Etiquetas: |
Sin Etiquetas, Sea el primero en etiquetar este registro!
|
MARC
| LEADER | 00000naa a2200000 4500 | ||
|---|---|---|---|
| 001 | 0243708 | ||
| 005 | 20180530103759.0 | ||
| 041 | 0 | |a cze | |
| 044 | |a CZ | ||
| 245 | 1 | 0 | |a HR a její klíčová role v praxi CSR |c Sandra Feltham |
| 520 | |a CSR ako celofiremná strategická záležitosť. Premietnutie do každodenných aktivít spoločnosti. Záujem zamestnancov o sociálny a enviromentálny dopad ich práce na spoločnosť. | ||
| 610 | 2 | 0 | |a zodpovednosť podniku spoločenská |
| 610 | 2 | 0 | |a zdroje ľudské |
| 610 | 2 | 0 | |a personalisti |
| 610 | 2 | 0 | |a personalistika |
| 610 | 2 | 0 | |a zamestnanci |
| 610 | 2 | 0 | |a práca produktívna |
| 610 | 2 | 0 | |a práca sociálna |
| 100 | 1 | |a Feltham, Sandra | |